| 000 | 01453cam a22003854i 4500 | ||
|---|---|---|---|
| 001 | 12178345 | ||
| 003 | EG-ScBUE | ||
| 005 | 20240212092419.0 | ||
| 008 | 000919s2001 ua ab f b 000 0 eng d | ||
| 020 | _a9789774246180 | ||
| 020 | _a9774246187 | ||
| 040 |
_aDLC _beng _erda _cDLC _dDLC _dEG-ScBUE |
||
| 043 | _af-ua--- | ||
| 082 | 0 | 4 |
_a962.16 _222 _bHAM |
| 100 | 1 |
_aHamza, Hani, _d1949- _eauthor. |
|
| 245 | 1 | 4 |
_aThe northern cemetery of Cairo / _cHani Hamza. |
| 264 | 1 |
_aCairo : _bThe American University in Cairo Press, _c2001. |
|
| 300 |
_avii, 107 pages : _billustrations, maps ; _c29 cm |
||
| 336 |
_2rdacontent _atext _btxt |
||
| 337 |
_2rdamedia _aunmediated _bn |
||
| 338 |
_2rdacarrier _avolume _bnc |
||
| 504 | _aIncludes bibliographical references. | ||
| 610 | 2 | 7 |
_aNorthern Cemetery (Cairo, Egypt) _2BUEsh |
| 650 | 7 |
_aIslamic architecture _zEgypt _zCairo. _2BUEsh |
|
| 650 | 7 |
_aArchitecture _zEgypt. _2BUEsh |
|
| 650 | 7 |
_aTombs _zEgypt _zCairo. _2BUEsh |
|
| 650 | 7 |
_aIslamic sepulchral monuments _zEgypt _zCairo. _2BUEsh |
|
| 650 | 7 |
_aMamelukes. _2BUEsh |
|
| 653 |
_cFebruary2024 _bENGARC |
||
| 655 | _vReading book | ||
| 906 |
_a7 _bcbc _corignew _d1 _eocip _f20 _gy-gencatlg |
||
| 942 |
_2ddc _cBB |
||
| 999 |
_c30661 _d30632 |
||